000 00538nam a22001697a 4500
005 20120125150921.0
020 _a9788128625664
_c65.00
037 _adpl
_bPub
082 _aS
100 _aBlyton's, Enid
_940164
245 _aLearn with Noddy:
_bA,B,C /
_cby Enid Blyton's
260 _aMumbai
_bEuro Books
_c2010
270 _aDani Corporate park, first floor, 158, Vidyanagari Marg, Kalina, Santacruz (East)
_bMumbai
_e400098 (India)
300 _aunpaged.
_bcol.ill
_c27cm(pbk)
942 _2ddc
_cCH
_hS
_mBLY
999 _c61499
_d61499